Precalculus : (Record no. 6804)
[ view plain ]
| 000 -LEADER | |
|---|---|
| fixed length control field | 00676cam a2200181 a 4500 |
| 020 ## - ISBN | |
| International Standard Book Number | 1269237411 (pbk.) |
| 020 ## - ISBN | |
| International Standard Book Number | 9781269237413 (pbk.) |
| 050 00 - LIBRARY OF CONGRESS CALL NUMBER | |
| Classification Number | QA154.3 |
| Item Number | .P74 2013 |
| 100 ## - MAIN ENTRY--Author | |
| Personal name | Central Washington University. |
| 245 00 - TITLE | |
| Title | Precalculus : |
| Remainder of title | graphical, numerical, algebraic / |
| Statement of responsibility, etc | Central Washington Universiity. |
| 250 ## - EDITIONSTATEMENT | |
| Edition statement | Pearson custom edition. |
| 260 ## - PUBLICATION, DISTRIBUTION, ETC.(IMPRINT) | |
| Place of publication, distribution, etc | Boston [USA] : |
| Name of publisher, distributor, etc | Pearson Learning Solutions, |
| Date of publication, distribution, etc | c2013. |
| 300 ## - PHYSICAL DESCRIPTION | |
| Extent | iv, 1121 p. : |
| 500 ## - GENERALNOTE | |
| General note | Includes index. |
| 650 ## - SUBJECT--TOPIC | |
| General subdivision | Algebra ; |
| -- | Trigonometry ; |
| -- | Mathematics ; |
| -- | Calculus ; |
| -- | Trigonometry -- study and teaching ; |
| -- | Algebra -- study and teaching ; |
| 700 1# - ADDED ENTRY--PERSONAL AUTHOR | |
| Personal Name | Demana, Franklin D., |
| 942 ## - ADDED ENTRY ELEMENTS(KOHA) | |
| Source of classification or shelving scheme | Library of Congress Classification |
| Koha item type | General circulation |
| Source of classification or shelving scheme | Not for loan | Location (home branch) | Sublocation (holding branch) | Shelving location | Date accessioned | Cost, normal purchase price | Serial Enumeration / chronology | Full call number | Barcode | Cost, replacement price | Nonpublic note | Koha item type | Public note |
|---|---|---|---|---|---|---|---|---|---|---|---|---|---|
| Library of Congress Classification | Main Campus Library | Main Campus Library | 22/07/2015 | 8000.00 | Pearson Custom Library | QA154.3 .P74 2013 | 2015/003880 | 8800.00 | Nzk | General circulation | Nzk |